000 00439nam a2200181Ia 4500
005 20240823060122.0
008 240823s9999||||xx |||||||||||||| ||und||
041 _aENGLISH
082 _A681.2 Q6
100 _aDhurgadevi M
245 0 _aAd Hoc and Sensor Networks
250 _a1st
260 _c2016
_bAR Publica
_aNagapattanam
500 _aYES
650 _aAd Hoc Networks
_bElectronics
700 _aLavanya K G
942 _cBK
999 _c230380
_d230380